00956nam a2200265 450000100060000000300080000600500170001400800410003102000150007203500190008704000290010604100080013508200170014310000300016024500690019026000410025930000380030049000600033850400380039865000310043670000410046794200120050899900170052095201530053711809BD-RjUL20211208235203.0140127s1971 enka b 001 0 eng d a0471440507 a(BD-RjUL)11858 aDLCcDLCd(BD-RjUL)beng aeng00a574.012bJAM1 aJardine, Nicholas.93658210aMathematical taxonomy /c[by] Nicholas Jardine and Robin Sibson. aLondon ;aNew York :bWiley ,cc1971 axviii, 286 p. :billus. ;c24 cm.0 aWiley series in probability and mathematical statistics aIncludes bibliographies and Index 0aNumerical taxonomy.9365831 aSibson, Robin,ejoint author.936584 2ddccBK c11809d11809 00102ddc40718NFICaRUCLbRUCLcReadingd1974-05-29eNational Book Agency.g159.50l0o574.012 JAM 1971r2014-01-27 00:00:00tC-1w2014-01-27yBK